[Event "Team Championship (women blitz)"]
[Site "Sochi"]
[Date "2017.10.05"]
[Round "4.8"]
[White "Murzina, Agata"]
[Black "Gritsayeva, Oksana"]
[Result "0-1"]
[LiveChessVersion "1.4.8"]
[BlackElo "2216"]
[WhiteElo "1764"]

1. e4 {[%clk 0:03:01]} g6 {[%clk 0:03:04]} 2. d4 {[%clk 0:03:01]} Bg7
{[%clk 0:03:05]} 3. c4 {[%clk 0:02:59]} d6 {[%clk 0:03:06]} 4. Nc3
{[%clk 0:02:59]} Nc6 {[%clk 0:03:05]} 5. Nf3 {[%clk 0:02:58]} Bg4
{[%clk 0:03:06]} 6. Be3 {[%clk 0:02:57]} Bxf3 {[%clk 0:03:01]} 7. gxf3
{[%clk 0:02:52]} e5 {[%clk 0:03:02]} 8. d5 {[%clk 0:02:44]} Nd4 {[%clk 0:03:03]}
9. Bg2 {[%clk 0:02:34]} Ne7 {[%clk 0:03:02]} 10. Ne2 {[%clk 0:02:29]} c5
{[%clk 0:02:46]} 11. dxc6 {[%clk 0:01:46]} Nexc6 {[%clk 0:02:47]} 12. f4
{[%clk 0:01:42]} Qa5+ {[%clk 0:02:25]} 13. Bd2 {[%clk 0:01:25]} Qb6
{[%clk 0:02:21]} 14. Bc3 {[%clk 0:01:17]} O-O {[%clk 0:02:14]} 15. O-O
{[%clk 0:01:08]} Nxe2+ {[%clk 0:02:10]} 16. Qxe2 {[%clk 0:01:02]} exf4
{[%clk 0:02:11]} 17. Bxg7 Kxg7 {[%clk 0:02:12]} 18. b3 {[%clk 0:00:48]} Ne5
{[%clk 0:02:08]} 19. Qd2 {[%clk 0:00:44]} f3 {[%clk 0:01:39]} 20. Bh1
{[%clk 0:00:44]} Rad8 {[%clk 0:01:33]} 21. Qc3 {[%clk 0:00:37]} f5
{[%clk 0:01:18]} 22. Bxf3 {[%clk 0:00:33]} f4 {[%clk 0:01:09]} 23. Rad1
{[%clk 0:00:30]} Rde8 {[%clk 0:00:56]} 24. Rd5 {[%clk 0:00:27]} Kg8
{[%clk 0:00:31]} 25. Bh1 {[%clk 0:00:18]} f3 {[%clk 0:00:28]} 26. c5
{[%clk 0:00:17]} Qc7 {[%clk 0:00:25]} 27. Qd4 {[%clk 0:00:15]} dxc5
{[%clk 0:00:24]} 28. Rxc5 {[%clk 0:00:14]} Qf7 {[%clk 0:00:24]} 29. Rxe5
{[%clk 0:00:13]} Qf6 {[%clk 0:00:20]} 30. Rxe8 {[%clk 0:00:09]} Qg5+
{[%clk 0:00:19]} 31. Bg2 {[%clk 0:00:08]} Qxg2# {[%clk 0:00:19]} 0-1

[Event "Team Championship (women blitz)"]
[Site "Sochi"]
[Date "2017.10.05"]
[Round "4.9"]
[White "Ambartsumova, Karina"]
[Black "Pogonina, Natalija"]
[Result "0-1"]
[LiveChessVersion "1.4.8"]
[BlackElo "2401"]
[WhiteElo "2347"]

1. d4 {[%clk 0:03:03]} Nf6 {[%clk 0:03:02]} 2. Nf3 {[%clk 0:03:03]} d5
{[%clk 0:03:02]} 3. c4 {[%clk 0:03:04]} e6 {[%clk 0:03:02]} 4. Nc3
{[%clk 0:03:03]} Nbd7 {[%clk 0:03:03]} 5. e3 {[%clk 0:02:50]} a6 {[%clk 0:03:00]}
6. b3 {[%clk 0:02:51]} b6 {[%clk 0:03:00]} 7. Bb2 {[%clk 0:02:50]} Bb7
{[%clk 0:03:01]} 8. Bd3 {[%clk 0:02:43]} Bd6 {[%clk 0:03:00]} 9. O-O
{[%clk 0:02:41]} O-O {[%clk 0:03:00]} 10. Qe2 {[%clk 0:02:42]} c5
{[%clk 0:02:54]} 11. dxc5 {[%clk 0:02:26]} Nxc5 {[%clk 0:02:50]} 12. cxd5
{[%clk 0:02:12]} Nxd3 {[%clk 0:02:44]} 13. Qxd3 {[%clk 0:02:13]} Nxd5
{[%clk 0:02:39]} 14. Nxd5 {[%clk 0:01:54]} Bxd5 {[%clk 0:02:38]} 15. e4
{[%clk 0:01:29]} Bb7 {[%clk 0:02:22]} 16. Rfd1 {[%clk 0:01:29]} Bb4
{[%clk 0:02:18]} 17. Qe3 {[%clk 0:01:20]} Qe7 {[%clk 0:02:06]} 18. Ne5
{[%clk 0:01:03]} Rfd8 {[%clk 0:01:51]} 19. Qg3 {[%clk 0:00:35]} f6
{[%clk 0:01:32]} 20. Ng4 {[%clk 0:00:31]} Kh8 {[%clk 0:01:19]} 21. e5
{[%clk 0:00:31]} f5 {[%clk 0:01:16]} 22. Ne3 {[%clk 0:00:30]} Bc5
{[%clk 0:01:11]} 23. h4 {[%clk 0:00:30]} Rxd1+ {[%clk 0:00:50]} 24. Rxd1
{[%clk 0:00:31]} Rd8 {[%clk 0:00:51]} 25. Rxd8+ {[%clk 0:00:19]} Qxd8
{[%clk 0:00:51]} 26. Bc3 {[%clk 0:00:20]} h6 {[%clk 0:00:42]} 27. Qf4
{[%clk 0:00:19]} Bxe3 {[%clk 0:00:36]} 28. Qxe3 {[%clk 0:00:20]} Qd1+
{[%clk 0:00:23]} 29. Kh2 {[%clk 0:00:22]} Qg4 {[%clk 0:00:22]} 30. g3
{[%clk 0:00:23]} Qd1 {[%clk 0:00:20]} 31. Be1 {[%clk 0:00:16]} Qd5
{[%clk 0:00:20]} 32. f3 {[%clk 0:00:17]} Qxf3 {[%clk 0:00:15]} 33. Qxf3
{[%clk 0:00:18]} Bxf3 {[%clk 0:00:15]} 34. b4 {[%clk 0:00:17]} b5
{[%clk 0:00:12]} 35. Kg1 {[%clk 0:00:17]} Kg8 {[%clk 0:00:11]} 36. Bd2
{[%clk 0:00:17]} Kf7 {[%clk 0:00:11]} 37. Kf2 {[%clk 0:00:18]} Bd5
{[%clk 0:00:12]} 38. a3 {[%clk 0:00:20]} Kg6 {[%clk 0:00:12]} 39. Ke3
{[%clk 0:00:20]} Kh5 {[%clk 0:00:13]} 40. Kf4 {[%clk 0:00:16]} g5+
{[%clk 0:00:13]} 41. hxg5 {[%clk 0:00:17]} hxg5+ {[%clk 0:00:14]} 42. Ke3
{[%clk 0:00:19]} Kg4 {[%clk 0:00:15]} 43. Kf2 {[%clk 0:00:20]} f4
{[%clk 0:00:14]} 44. gxf4 {[%clk 0:00:21]} gxf4 {[%clk 0:00:15]} 45. Bc3
{[%clk 0:00:20]} Kf5 {[%clk 0:00:15]} 46. Bb2 {[%clk 0:00:19]} Ke4
{[%clk 0:00:16]} 47. Bc3 {[%clk 0:00:11]} Kd3 {[%clk 0:00:16]} 48. Bb2
{[%clk 0:00:11]} Kc2 {[%clk 0:00:17]} 49. Bd4 {[%clk 0:00:13]} Kb3
{[%clk 0:00:15]} 50. Bc5 {[%clk 0:00:08]} Kxa3 {[%clk 0:00:15]} 51. Bd6
{[%clk 0:00:04]} Ka4 {[%clk 0:00:15]} 52. Bc5 {[%clk 0:00:05]} a5
{[%clk 0:00:16]} 53. bxa5 {[%clk 0:00:05]} Kxa5 {[%clk 0:00:17]} 54. Ke2
{[%clk 0:00:06]} Ka4 {[%clk 0:00:16]} 55. Kd2 {[%clk 0:00:06]} Kb3
{[%clk 0:00:16]} 56. Kd3 {[%clk 0:00:05]} b4 {[%clk 0:00:11]} 57. Kd2
{[%clk 0:00:05]} Kc4 {[%clk 0:00:11]} 58. Bf2 {[%clk 0:00:04]} b3
{[%clk 0:00:11]} 59. Bg1 {[%clk 0:00:04]} Be4 {[%clk 0:00:12]} 0-1

[Event "Team Championship (women blitz)"]
[Site "Sochi"]
[Date "2017.10.05"]
[Round "4.10"]
[White "Girya, Olga"]
[Black "Nebolsina, Vera"]
[Result "1/2-1/2"]
[LiveChessVersion "1.4.8"]
[BlackElo "2176"]
[WhiteElo "2338"]

1. d4 {[%clk 0:03:03]} Nf6 {[%clk 0:03:03]} 2. Nf3 {[%clk 0:03:04]} g6
{[%clk 0:03:04]} 3. Bg5 {[%clk 0:03:05]} Bg7 {[%clk 0:03:04]} 4. Nbd2
{[%clk 0:03:07]} O-O {[%clk 0:02:40]} 5. c3 {[%clk 0:03:08]} d6 {[%clk 0:02:40]}
6. e4 {[%clk 0:03:09]} h6 {[%clk 0:02:40]} 7. Bh4 {[%clk 0:03:11]} Nc6
{[%clk 0:02:40]} 8. Be2 {[%clk 0:03:09]} Nh5 {[%clk 0:02:40]} 9. O-O
{[%clk 0:02:58]} Nf4 {[%clk 0:02:34]} 10. Bb5 {[%clk 0:02:59]} a6
{[%clk 0:02:12]} 11. Ba4 {[%clk 0:03:00]} g5 {[%clk 0:01:50]} 12. Bg3
{[%clk 0:03:01]} Bg4 {[%clk 0:01:49]} 13. Bc2 {[%clk 0:02:23]} e5
{[%clk 0:01:40]} 14. Nc4 {[%clk 0:02:24]} exd4 {[%clk 0:01:26]} 15. Bxf4
{[%clk 0:01:25]} gxf4 {[%clk 0:01:26]} 16. h3 {[%clk 0:01:27]} Bh5
{[%clk 0:01:27]} 17. Qd3 {[%clk 0:00:42]} dxc3 {[%clk 0:01:17]} 18. bxc3
{[%clk 0:00:43]} Ne5 {[%clk 0:01:09]} 19. Nfxe5 {[%clk 0:00:32]} dxe5
{[%clk 0:01:08]} 20. Na5 {[%clk 0:00:18]} Qxd3 {[%clk 0:00:55]} 21. Bxd3
{[%clk 0:00:19]} Rfd8 {[%clk 0:00:55]} 22. Bc4 {[%clk 0:00:20]} Rab8
{[%clk 0:00:50]} 23. Rab1 {[%clk 0:00:19]} Bf8 {[%clk 0:00:35]} 24. Nxb7
{[%clk 0:00:15]} Rd2 {[%clk 0:00:34]} 25. f3 {[%clk 0:00:09]} Kg7
{[%clk 0:00:31]} 26. Bd5 {[%clk 0:00:09]} f6 {[%clk 0:00:29]} 27. Na5
{[%clk 0:00:08]} Bc5+ {[%clk 0:00:27]} 28. Kh1 {[%clk 0:00:08]} Rxb1
{[%clk 0:00:26]} 29. Rxb1 {[%clk 0:00:09]} Be8 {[%clk 0:00:27]} 30. Nc4
{[%clk 0:00:08]} Re2 {[%clk 0:00:25]} 31. Na5 {[%clk 0:00:07]} Bb5
{[%clk 0:00:25]} 32. c4 {[%clk 0:00:08]} Ba4 {[%clk 0:00:26]} 33. Nb3
{[%clk 0:00:07]} Bxb3 {[%clk 0:00:25]} 34. axb3 {[%clk 0:00:08]} a5
{[%clk 0:00:27]} 35. Ra1 {[%clk 0:00:08]} Bb4 {[%clk 0:00:28]} 36. Rb1
{[%clk 0:00:08]} Bc5 {[%clk 0:00:29]} 37. Ra1 {[%clk 0:00:09]} Bb4
{[%clk 0:00:30]} 38. Rb1 {[%clk 0:00:10]} Kg6 {[%clk 0:00:30]} 39. Be6
{[%clk 0:00:10]} Kg7 {[%clk 0:00:29]} 40. Bd5 {[%clk 0:00:10]} 1/2-1/2

[Event "Team Championship (women blitz)"]
[Site "Sochi"]
[Date "2017.10.05"]
[Round "4.11"]
[White "Shafigullina, Zarina"]
[Black "Nechaeva, Marina"]
[Result "0-1"]
[LiveChessVersion "1.4.8"]
[BlackElo "2347"]
[WhiteElo "2041"]

1. d4 {[%clk 0:03:03]} d5 {[%clk 0:03:04]} 2. Nf3 {[%clk 0:03:04]} Nf6
{[%clk 0:03:05]} 3. g3 {[%clk 0:03:06]} c6 {[%clk 0:03:06]} 4. Bg2
{[%clk 0:03:06]} Bf5 {[%clk 0:03:07]} 5. O-O {[%clk 0:03:07]} e6 {[%clk 0:03:07]}
6. c4 {[%clk 0:03:01]} h6 {[%clk 0:03:08]} 7. Nc3 {[%clk 0:02:55]} Nbd7
{[%clk 0:03:09]} 8. Nd2 {[%clk 0:02:57]} Be7 {[%clk 0:03:08]} 9. Re1
{[%clk 0:02:49]} O-O 10. e4 dxe4 {[%clk 0:03:09]} 11. Ndxe4 {[%clk 0:02:52]} Nxe4
{[%clk 0:03:10]} 12. Nxe4 {[%clk 0:02:53]} Nf6 {[%clk 0:03:11]} 13. Nc3
{[%clk 0:02:54]} Qd7 {[%clk 0:03:01]} 14. Be3 {[%clk 0:02:54]} Rfd8
{[%clk 0:03:01]} 15. Qe2 {[%clk 0:02:55]} Bb4 {[%clk 0:03:01]} 16. a3
{[%clk 0:02:47]} Bxc3 {[%clk 0:02:59]} 17. bxc3 {[%clk 0:02:48]} Qc7
{[%clk 0:02:49]} 18. Bf4 {[%clk 0:02:35]} Qa5 {[%clk 0:02:50]} 19. Qb2
{[%clk 0:02:37]} Rd7 {[%clk 0:02:48]} 20. Re5 {[%clk 0:02:36]} Qa6
{[%clk 0:02:47]} 21. Bf1 {[%clk 0:02:36]} Rc8 {[%clk 0:02:30]} 22. d5
{[%clk 0:02:17]} Qa4 {[%clk 0:02:20]} 23. dxc6 {[%clk 0:01:35]} Rxc6
{[%clk 0:02:16]} 24. c5 a6 {[%clk 0:02:06]} 25. Qb4 {[%clk 0:01:18]} Qc2
{[%clk 0:02:04]} 26. Rc1 {[%clk 0:01:14]} a5 {[%clk 0:01:36]} 27. Qxa5
{[%clk 0:01:03]} Qa2 {[%clk 0:01:34]} 28. Bb5 {[%clk 0:00:55]} Be4
{[%clk 0:01:27]} 29. Bxc6 {[%clk 0:00:27]} Bxc6 {[%clk 0:01:27]} 30. Ree1
{[%clk 0:00:09]} Qd5 {[%clk 0:01:26]} 31. Kf1 {[%clk 0:00:04]} Qg2+
{[%clk 0:01:27]} 32. Ke2 {[%clk 0:00:05]} Bf3+ {[%clk 0:01:28]} 33. Ke3
{[%clk 0:00:06]} Ng4# {[%clk 0:01:29]} 34. Kd4 0-1

[Event "Team Championship (women blitz)"]
[Site "Sochi"]
[Date "2017.10.05"]
[Round "4.12"]
[White "Kovanova, Baira"]
[Black "Belova, Olga"]
[Result "0-1"]
[LiveChessVersion "1.4.8"]
[BlackElo "2089"]
[WhiteElo "2286"]

1. e4 {[%clk 0:03:03]} e5 {[%clk 0:03:04]} 2. Nf3 {[%clk 0:03:03]} Nc6
{[%clk 0:03:05]} 3. Bb5 {[%clk 0:03:04]} a6 {[%clk 0:03:06]} 4. Ba4
{[%clk 0:03:05]} Nf6 {[%clk 0:03:07]} 5. d3 {[%clk 0:03:05]} b5 {[%clk 0:03:08]}
6. Bb3 {[%clk 0:03:06]} Bc5 {[%clk 0:03:09]} 7. O-O {[%clk 0:03:06]} O-O
{[%clk 0:03:08]} 8. c3 {[%clk 0:03:06]} d6 {[%clk 0:03:09]} 9. h3
{[%clk 0:03:07]} h6 {[%clk 0:03:11]} 10. d4 {[%clk 0:03:05]} Bb6 {[%clk 0:03:11]}
11. Be3 {[%clk 0:03:06]} Re8 {[%clk 0:03:10]} 12. Nbd2 {[%clk 0:02:52]} Bb7
{[%clk 0:02:58]} 13. d5 {[%clk 0:02:20]} Ne7 {[%clk 0:02:38]} 14. Bxb6
{[%clk 0:02:08]} cxb6 {[%clk 0:02:39]} 15. Nh4 {[%clk 0:02:00]} Nd7
{[%clk 0:01:48]} 16. Qg4 {[%clk 0:01:43]} Bc8 {[%clk 0:01:39]} 17. Qg3
{[%clk 0:01:27]} Nf6 {[%clk 0:01:17]} 18. a4 {[%clk 0:01:15]} bxa4
{[%clk 0:01:15]} 19. Bxa4 {[%clk 0:01:16]} Rf8 {[%clk 0:00:49]} 20. Qe3
{[%clk 0:01:15]} Rb8 {[%clk 0:00:29]} 21. Bc2 {[%clk 0:01:05]} Nh7
{[%clk 0:00:18]} 22. Qg3 {[%clk 0:00:44]} Nf6 {[%clk 0:00:17]} 23. Bd3
{[%clk 0:00:38]} b5 {[%clk 0:00:16]} 24. Nb3 {[%clk 0:00:38]} Nh5
{[%clk 0:00:14]} 25. Qe3 {[%clk 0:00:25]} Nxd5 {[%clk 0:00:11]} 26. exd5
{[%clk 0:00:24]} Qxh4 {[%clk 0:00:12]} 27. Na5 {[%clk 0:00:23]} Nf4
{[%clk 0:00:12]} 28. Nc6 {[%clk 0:00:21]} Rb7 {[%clk 0:00:11]} 29. Rxa6
{[%clk 0:00:19]} Qg5 {[%clk 0:00:07]} 30. h4 {[%clk 0:00:09]} Qxg2#
{[%clk 0:00:06]} 0-1

[Event "Team Championship (women blitz)"]
[Site "Sochi"]
[Date "2017.10.05"]
[Round "5.1"]
[White "Ubiennykh, Ekaterina"]
[Black "Ambartsumova, Karina"]
[Result "0-1"]
[LiveChessVersion "1.4.8"]
[BlackElo "2347"]
[WhiteElo "2364"]

1. d4 {[%clk 0:03:02]} Nf6 {[%clk 0:03:04]} 2. c4 {[%clk 0:03:03]} d6
{[%clk 0:03:05]} 3. Nc3 {[%clk 0:03:01]} e5 {[%clk 0:03:06]} 4. dxe5
{[%clk 0:03:00]} dxe5 {[%clk 0:03:07]} 5. Qxd8+ {[%clk 0:03:01]} Kxd8
{[%clk 0:03:09]} 6. Bg5 {[%clk 0:02:36]} c6 {[%clk 0:03:06]} 7. O-O-O+
{[%clk 0:02:34]} Kc7 {[%clk 0:03:07]} 8. Nf3 {[%clk 0:02:29]} Nbd7
{[%clk 0:02:57]} 9. e3 {[%clk 0:02:06]} h6 {[%clk 0:02:58]} 10. Bh4
{[%clk 0:02:07]} Bb4 {[%clk 0:02:30]} 11. Rg1 {[%clk 0:02:05]} Re8
{[%clk 0:02:21]} 12. g4 {[%clk 0:01:57]} g5 {[%clk 0:02:13]} 13. Bg3
{[%clk 0:01:57]} Nxg4 {[%clk 0:01:57]} 14. h4 {[%clk 0:01:50]} Bxc3
{[%clk 0:01:47]} 15. bxc3 {[%clk 0:01:51]} f6 {[%clk 0:01:47]} 16. hxg5
{[%clk 0:01:48]} hxg5 {[%clk 0:01:47]} 17. Rh1 {[%clk 0:01:49]} Nc5
{[%clk 0:01:38]} 18. Rh7+ {[%clk 0:01:48]} Kb6 {[%clk 0:01:39]} 19. Nd4
{[%clk 0:00:56]} exd4 {[%clk 0:01:25]} 20. Bc7+ {[%clk 0:00:58]} Ka6
{[%clk 0:01:25]} 21. cxd4 {[%clk 0:00:58]} Bf5 {[%clk 0:01:24]} 22. Rf7
{[%clk 0:00:53]} Nxf2 {[%clk 0:01:15]} 23. Rd2 {[%clk 0:00:21]} Nfd3+
{[%clk 0:01:04]} 24. Kd1 {[%clk 0:00:18]} Rxe3 {[%clk 0:01:02]} 25. Rxf6
{[%clk 0:00:06]} Re1+ {[%clk 0:01:02]} 26. Kc2 {[%clk 0:00:07]} Rc1#
{[%clk 0:01:02]} 0-1

[Event "Team Championship (women blitz)"]
[Site "Sochi"]
[Date "2017.10.05"]
[Round "5.2"]
[White "Nebolsina, Vera"]
[Black "Bivol, Alina"]
[Result "1/2-1/2"]
[LiveChessVersion "1.4.8"]
[BlackElo "2308"]
[WhiteElo "2176"]

1. e4 {[%clk 0:03:03]} e6 {[%clk 0:03:04]} 2. d4 {[%clk 0:03:03]} d5
{[%clk 0:03:05]} 3. exd5 {[%clk 0:03:04]} exd5 {[%clk 0:03:06]} 4. Nf3
{[%clk 0:03:05]} Nc6 {[%clk 0:03:08]} 5. c3 {[%clk 0:03:04]} Bd6 {[%clk 0:03:08]}
6. Bd3 {[%clk 0:03:04]} Nge7 {[%clk 0:03:08]} 7. O-O {[%clk 0:03:01]} O-O
{[%clk 0:02:47]} 8. Qc2 {[%clk 0:02:40]} h6 {[%clk 0:02:38]} 9. h3
{[%clk 0:02:39]} Be6 {[%clk 0:02:33]} 10. Nbd2 {[%clk 0:02:12]} Qd7
{[%clk 0:02:29]} 11. Re1 {[%clk 0:02:11]} Bf5 {[%clk 0:02:27]} 12. Nf1
{[%clk 0:01:59]} Bxd3 {[%clk 0:02:24]} 13. Qxd3 {[%clk 0:01:59]} Ng6
{[%clk 0:02:20]} 14. N1h2 {[%clk 0:01:34]} Rfe8 {[%clk 0:02:13]} 15. Bd2
{[%clk 0:01:34]} Bxh2+ {[%clk 0:01:57]} 16. Kxh2 {[%clk 0:01:27]} a6
{[%clk 0:01:57]} 17. g3 {[%clk 0:01:21]} Rxe1 {[%clk 0:01:40]} 18. Rxe1
{[%clk 0:01:21]} Re8 {[%clk 0:01:39]} 19. Re2 {[%clk 0:01:16]} Rxe2
{[%clk 0:01:31]} 20. Qxe2 {[%clk 0:01:17]} Qf5 {[%clk 0:01:29]} 21. Kg2
{[%clk 0:01:08]} Qd7 {[%clk 0:01:12]} 22. b3 {[%clk 0:01:05]} Kh7
{[%clk 0:01:13]} 23. Qd3 {[%clk 0:01:04]} Kg8 {[%clk 0:01:08]} 24. c4
{[%clk 0:00:51]} Qe6 {[%clk 0:00:56]} 25. Be3 {[%clk 0:00:38]} Nce7
{[%clk 0:00:56]} 26. c5 {[%clk 0:00:27]} Nf5 {[%clk 0:00:55]} 27. Bd2
{[%clk 0:00:25]} Qe4 {[%clk 0:00:48]} 28. Qc3 {[%clk 0:00:17]} h5
{[%clk 0:00:34]} 29. Kf1 {[%clk 0:00:17]} Qb1+ {[%clk 0:00:34]} 30. Kg2
{[%clk 0:00:16]} Qxa2 {[%clk 0:00:34]} 31. c6 {[%clk 0:00:14]} b6
{[%clk 0:00:33]} 32. g4 {[%clk 0:00:14]} hxg4 {[%clk 0:00:30]} 33. hxg4
{[%clk 0:00:15]} Nfh4+ {[%clk 0:00:31]} 34. Nxh4 {[%clk 0:00:15]} Nxh4+
{[%clk 0:00:33]} 35. Kg3 {[%clk 0:00:15]} Ng6 {[%clk 0:00:34]} 36. Qe3
{[%clk 0:00:14]} Qc2 {[%clk 0:00:31]} 37. Qe8+ Kh7 38. Be3 {[%clk 0:00:14]} Qxb3
{[%clk 0:00:24]} 39. Qxf7 {[%clk 0:00:13]} Qc4 {[%clk 0:00:24]} 40. Qxc7
{[%clk 0:00:12]} Qf1 {[%clk 0:00:11]} 41. Qd6 {[%clk 0:00:09]} Qg1+
{[%clk 0:00:12]} 42. Kh3 {[%clk 0:00:10]} Qh1+ {[%clk 0:00:13]} 43. Kg3
{[%clk 0:00:08]} Qg1+ {[%clk 0:00:13]} 44. Kf3 {[%clk 0:00:08]} Qd1+
{[%clk 0:00:13]} 45. Kg3 {[%clk 0:00:10]} Qg1+ {[%clk 0:00:14]} 46. Kh3
{[%clk 0:00:09]} Qh1+ {[%clk 0:00:15]} 1/2-1/2

[Event "Team Championship (women blitz)"]
[Site "Sochi"]
[Date "2017.10.05"]
[Round "5.3"]
[White "Tomilova, Elena"]
[Black "Shafigullina, Zarina"]
[Result "1/2-1/2"]
[LiveChessVersion "1.4.8"]
[BlackElo "2041"]
[WhiteElo "2279"]

1. d4 {[%clk 0:03:03]} Nf6 {[%clk 0:03:03]} 2. Bg5 {[%clk 0:03:04]} Ne4
{[%clk 0:03:00]} 3. Bf4 {[%clk 0:03:05]} c5 {[%clk 0:03:01]} 4. f3
{[%clk 0:03:05]} Nf6 {[%clk 0:03:00]} 5. dxc5 {[%clk 0:03:00]} Qa5+
{[%clk 0:03:01]} 6. Nc3 {[%clk 0:02:57]} Qxc5 {[%clk 0:02:51]} 7. e4
{[%clk 0:02:57]} d6 {[%clk 0:02:47]} 8. Qd2 {[%clk 0:02:52]} g6 {[%clk 0:02:37]}
9. Be3 {[%clk 0:02:44]} Qa5 {[%clk 0:02:14]} 10. Bc4 {[%clk 0:02:07]} Nc6
{[%clk 0:01:49]} 11. Nge2 {[%clk 0:01:56]} Bg7 {[%clk 0:01:49]} 12. O-O
{[%clk 0:01:49]} O-O {[%clk 0:01:50]} 13. a3 {[%clk 0:01:39]} Ne5
{[%clk 0:01:43]} 14. Bb3 {[%clk 0:01:36]} a6 {[%clk 0:01:33]} 15. Nd5
{[%clk 0:01:31]} Nxd5 {[%clk 0:01:22]} 16. Qxa5 {[%clk 0:01:32]} Nxe3
{[%clk 0:01:19]} 17. Rfe1 {[%clk 0:01:27]} N3c4 {[%clk 0:01:19]} 18. Qd5
{[%clk 0:01:13]} Nxb2 {[%clk 0:01:03]} 19. Rab1 {[%clk 0:01:10]} Be6
{[%clk 0:00:52]} 20. Qxb7 {[%clk 0:01:02]} Bxb3 {[%clk 0:00:45]} 21. cxb3
{[%clk 0:00:55]} Nbd3 {[%clk 0:00:27]} 22. Red1 {[%clk 0:00:54]} Rfe8
{[%clk 0:00:27]} 23. b4 {[%clk 0:00:49]} Nb2 {[%clk 0:00:23]} 24. Rxb2
{[%clk 0:00:41]} Nxf3+ {[%clk 0:00:24]} 25. gxf3 {[%clk 0:00:41]} Bxb2
{[%clk 0:00:24]} 26. Qd5 {[%clk 0:00:39]} Bxa3 {[%clk 0:00:21]} 27. Qb3
{[%clk 0:00:39]} Bxb4 {[%clk 0:00:16]} 28. Qxb4 {[%clk 0:00:39]} a5
{[%clk 0:00:17]} 29. Qa4 {[%clk 0:00:39]} Reb8 {[%clk 0:00:18]} 30. Ra1
{[%clk 0:00:38]} Rb2 {[%clk 0:00:12]} 31. Nc3 {[%clk 0:00:36]} Rd2
{[%clk 0:00:07]} 32. Qc6 {[%clk 0:00:35]} Rb8 {[%clk 0:00:05]} 33. Rd1
{[%clk 0:00:28]} Rc2 34. Qc7 {[%clk 0:00:21]} Rbb2 {[%clk 0:00:04]} 35. Qd8+
{[%clk 0:00:19]} Kg7 {[%clk 0:00:05]} 36. Qxe7 {[%clk 0:00:16]} Rxc3
{[%clk 0:00:04]} 37. Qxd6 {[%clk 0:00:14]} Rcc2 {[%clk 0:00:05]} 38. Qd4+
{[%clk 0:00:13]} Kh6 {[%clk 0:00:04]} 39. Qe3+ {[%clk 0:00:13]} Kg7
{[%clk 0:00:05]} 40. Qd4+ {[%clk 0:00:13]} Kh6 {[%clk 0:00:06]} 41. Ra1
{[%clk 0:00:10]} Rg2+ {[%clk 0:00:06]} 42. Kf1 {[%clk 0:00:09]} Rxh2
{[%clk 0:00:07]} 43. Qe3+ {[%clk 0:00:08]} Kg7 {[%clk 0:00:08]} 44. Qc3+
{[%clk 0:00:08]} Kh6 {[%clk 0:00:09]} 45. Qe3+ {[%clk 0:00:08]} Kg7
{[%clk 0:00:10]} 46. Qg1 {[%clk 0:00:08]} Rhc2 {[%clk 0:00:08]} 47. Qd4+
{[%clk 0:00:06]} Kh6 {[%clk 0:00:09]} 48. e5 {[%clk 0:00:04]} Rh2
{[%clk 0:00:07]} 49. Qe3+ {[%clk 0:00:03]} Kg7 {[%clk 0:00:08]} 50. Qg1
{[%clk 0:00:05]} Rhc2 {[%clk 0:00:09]} 51. Qe3 {[%clk 0:00:03]} Rh2
{[%clk 0:00:09]} 52. Qg1 {[%clk 0:00:04]} Rhc2 {[%clk 0:00:10]} 53. Qd4
{[%clk 0:00:04]} 1/2-1/2

[Event "Team Championship (women blitz)"]
[Site "Sochi"]
[Date "2017.10.05"]
[Round "5.4"]
[White "Belova, Olga"]
[Black "Travkina, Anastasia"]
[Result "1-0"]
[LiveChessVersion "1.4.8"]
[BlackElo "2099"]
[WhiteElo "2089"]

1. e4 {[%clk 0:03:02]} c5 {[%clk 0:03:03]} 2. Nf3 {[%clk 0:03:03]} d6
{[%clk 0:03:04]} 3. c3 {[%clk 0:03:03]} Nf6 {[%clk 0:03:04]} 4. h3
{[%clk 0:03:04]} g6 {[%clk 0:03:05]} 5. Bd3 {[%clk 0:03:05]} Bg7 {[%clk 0:03:06]}
6. Bc2 {[%clk 0:03:06]} O-O {[%clk 0:03:05]} 7. O-O {[%clk 0:03:06]} Nc6
{[%clk 0:03:04]} 8. d4 {[%clk 0:03:07]} cxd4 {[%clk 0:03:01]} 9. cxd4
{[%clk 0:03:08]} Nb4 {[%clk 0:03:02]} 10. Bb3 {[%clk 0:03:08]} Bd7
{[%clk 0:02:41]} 11. Nc3 {[%clk 0:03:05]} Rc8 {[%clk 0:02:37]} 12. Re1
{[%clk 0:03:00]} e6 {[%clk 0:01:39]} 13. Bg5 {[%clk 0:02:51]} Qa5
{[%clk 0:01:30]} 14. a3 {[%clk 0:02:31]} Nc6 {[%clk 0:01:27]} 15. e5
{[%clk 0:02:31]} Ne8 {[%clk 0:01:15]} 16. d5 {[%clk 0:01:40]} Nxe5
{[%clk 0:00:49]} 17. Nd4 {[%clk 0:01:12]} Nc7 {[%clk 0:00:41]} 18. Be7
{[%clk 0:01:10]} Nxd5 {[%clk 0:00:31]} 19. Nxd5 {[%clk 0:01:05]} exd5
{[%clk 0:00:31]} 20. Bxf8 {[%clk 0:00:46]} Rxf8 {[%clk 0:00:33]} 21. Rc1
{[%clk 0:00:39]} Qb6 {[%clk 0:00:30]} 22. Bxd5 {[%clk 0:00:38]} Qxb2
{[%clk 0:00:29]} 23. Rb1 {[%clk 0:00:36]} Qxa3 {[%clk 0:00:29]} 24. Rxb7
{[%clk 0:00:37]} Ba4 {[%clk 0:00:21]} 25. Rxa7 {[%clk 0:00:21]} Bxd1
{[%clk 0:00:16]} 26. Rxa3 {[%clk 0:00:22]} Nd7 {[%clk 0:00:06]} 27. Rxd1
{[%clk 0:00:22]} Nc5 {[%clk 0:00:04]} 28. Nc6 {[%clk 0:00:22]} Re8
{[%clk 0:00:04]} 29. Re3 {[%clk 0:00:22]} Rc8 {[%clk 0:00:05]} 30. Ne7+
{[%clk 0:00:23]} 1-0